[Event "OP-2020-0-04977"]
[Site "LSS email"]
[Date "2020.05.26"]
[Round "?"]
[White "Shadrin, Vladimir"]
[Black "Trevis, Robert R"]
[Result "1-0"]
[WhiteElo "800"]
[BlackElo "780"]
[PlyCount "43"]
[EventDate "2020.05.22"]
[EventType "tourn (corr)"]
[EventRounds "4"]
[EventCountry "GER"]
[SourceTitle "Corr 2022"]
[Source "ChessBase"]
[SourceDate "2021.10.24"]
[SourceVersion "1"]
[SourceVersionDate "2021.10.24"]
[SourceQuality "1"]

1. d4 d5 2. Nf3 Nc6 3. g3 Nf6 4. Bg2 Ng4 5. 0-0 g6 6. c4 e5 7. cxd5 Qxd5 8. Nxe5 Ngxe5 9. Bxd5 Bb4 10. dxe5 0-0 11. Bh6 Re8 12. f4 Na5 13. Nc3 Bc5+ 14. Kg2 c6 15. Ne4 cxd5 16. Nf6+ Kh8 17. Nxe8 Nc4 18. f5 Ne3+ 19. Bxe3 Bxf5 20. Rxf5 gxf5 21. Qxd5 Bxe3 22. Qxf7 1-0

[Event "OP-2020-0-04974"]
[Site "LSS email"]
[Date "2020.05.17"]
[Round "?"]
[White "Ederer, Karel"]
[Black "Shadrin, Vladimir"]
[Result "1/2-1/2"]
[WhiteElo "2048"]
[BlackElo "800"]
[PlyCount "107"]
[EventDate "2020.05.13"]
[EventType "tourn (corr)"]
[EventRounds "4"]
[EventCountry "GER"]
[SourceTitle "Corr 2022"]
[Source "ChessBase"]
[SourceDate "2021.10.24"]
[SourceVersion "1"]
[SourceVersionDate "2021.10.24"]
[SourceQuality "1"]

1. e4 c6 2. d4 d5 3. exd5 cxd5 4. Bd3 Nc6 5. c3 Qc7 6. Ne2 e6 7. Bf4 Bd6 8. Bxd6 Qxd6 9. 0-0 Nf6 10. Nd2 e5 11. dxe5 Nxe5 12. Nd4 0-0 13. Qc2 Bd7 14. Rfe1 Rfe8 15. N4f3 Nxd3 16. Qxd3 Qb6 17. Qc2 a6 18. Nf1 Re4 19. Ng3 Ree8 20. h3 Ne4 21. Nf1 Rad8 22. Rad1 Qa5 23. Qb3 Bc6 24. Ne3 g6 25. Nd4 h5 26. Nec2 Qc7 27. Nb4 a5 28. Nd3 Nd6 29. Ra1 Re4 30. f3 Ree8 31. Rac1 Nc4 32. Qd1 Qd6 33. b3 Ne5 34. Nf4 Re7 35. h4 Rde8 36. g3 a4 37. Kg2 Kh7 38. Rc2 Qc5 39. Re3 axb3 40. axb3 Bd7 41. Rf2 Nc6 42. b4 Qc4 43. Rxe7 Rxe7 44. Nc2 Be6 45. Re2 Qxc3 46. b5 Ne5 47. Nd4 Kh6 48. Nfxe6 Nc4 49. Ng5 Ne3+ 50. Rxe3 Rxe3 51. Nxf7+ Kg7 52. Nd8 Rd3 53. Qg1 Kf6 54. N8e6 1/2-1/2

[Event "OP-2020-0-04974"]
[Site "LSS email"]
[Date "2020.05.17"]
[Round "?"]
[White "Shadrin, Vladimir"]
[Black "Trevis, Robert R"]
[Result "1-0"]
[WhiteElo "800"]
[BlackElo "797"]
[PlyCount "27"]
[EventDate "2020.05.13"]
[EventType "tourn (corr)"]
[EventRounds "4"]
[EventCountry "GER"]
[SourceTitle "Corr 2022"]
[Source "ChessBase"]
[SourceDate "2021.10.24"]
[SourceVersion "1"]
[SourceVersionDate "2021.10.24"]
[SourceQuality "1"]

1. d4 d5 2. Nf3 Nf6 3. g3 g6 4. Bg2 Bg7 5. 0-0 0-0 6. c4 dxc4 7. Na3 Ne4 8. Nxc4 Bxd4 9. Qxd4 Qxd4 10. Nxd4 Bg4 11. Bxe4 f5 12. Bxb7 Nd7 13. Bxa8 Bxe2 14. Bd5+ 1-0

[Event "SN-2020-0-01015"]
[Site "LSS email"]
[Date "2020.05.04"]
[Round "?"]
[White "Shadrin, Vladimir"]
[Black "Maly, Marian"]
[Result "0-1"]
[WhiteElo "800"]
[BlackElo "915"]
[PlyCount "64"]
[EventDate "2020.01.04"]
[EventType "tourn (corr)"]
[EventRounds "6"]
[EventCountry "GER"]
[SourceTitle "Corr 2022"]
[Source "ChessBase"]
[SourceDate "2021.10.24"]
[SourceVersion "1"]
[SourceVersionDate "2021.10.24"]
[SourceQuality "1"]

1. d4 d5 2. Nf3 Bf5 3. c4 dxc4 4. Nc3 e6 5. e4 Bg6 6. Bxc4 Bb4 7. Qa4+ Nc6 8. d5 Bxc3+ 9. bxc3 Bxe4 10. dxc6 Bxc6 11. Bb5 Qd5 12. Bxc6+ bxc6 13. 0-0 Ne7 14. Rd1 Qc5 15. Ba3 Qb5 16. Qxb5 cxb5 17. Bxe7 Kxe7 18. Nd4 Kf6 19. Nxb5 c6 20. Nd6 Rhd8 21. c4 Ke7 22. c5 Rab8 23. Rab1 Rxb1 24. Rxb1 Kf8 25. Rb7 Kg8 26. Rxa7 g6 27. a4 Rb8 28. g3 f5 29. a5 e5 30. Rb7 Ra8 31. Nc4 e4 32. Rb6 Rd8 0-1

[Event "Moscow-ch op sf"]
[Site "Moscow"]
[Date "2007.03.24"]
[Round "9"]
[White "Chepel, Mykola"]
[Black "Shadrin, Vladimir"]
[Result "1/2-1/2"]
[WhiteElo "2109"]
[BlackElo "2078"]
[PlyCount "81"]
[EventDate "2007.03.05"]
[EventType "swiss"]
[EventRounds "9"]
[EventCountry "RUS"]
[SourceTitle "EXT 2022"]
[Source "ChessBase"]
[SourceDate "2021.10.06"]
[SourceVersion "1"]
[SourceVersionDate "2021.10.06"]
[SourceQuality "1"]

1. e4 e5 2. Nf3 Nf6 3. Nxe5 d6 4. Nf3 Nxe4 5. d4 d5 6. Bd3 Bg4 7. 0-0 Nf6 8. Bg5 Be7 9. c3 0-0 10. Bc2 Nbd7 11. Qd3 Bh5 12. Ne5 Nxe5 13. dxe5 Bg6 14. exf6 gxf6 15. Qe2 fxg5 16. f4 Bc5+ 17. Kh1 Re8 18. Qd1 gxf4 19. Bxg6 hxg6 20. Rxf4 Bd6 21. Rg4 Qf6 22. Nd2 Qf2 23. Nf3 Re2 24. Qxd5 Kg7 25. Qd4+ Qxd4 26. Nxd4 Rxb2 27. Rf1 Rh8 28. Nf5+ Kg8 29. Nxd6 cxd6 30. a4 Rh5 31. Rgf4 f5 32. h3 Rh7 33. Rd4 Rd7 34. Rfd1 Rb6 35. a5 Rc6 36. R1d3 Kg7 37. g4 fxg4 38. hxg4 g5 39. Rd5 Kg6 40. Kg2 b6 41. a6 1/2-1/2

[Event "Moscow-ch op sf"]
[Site "Moscow"]
[Date "2007.03.21"]
[Round "8"]
[White "Shadrin, Vladimir"]
[Black "Medovkina, Viktoria"]
[Result "0-1"]
[WhiteElo "2078"]
[BlackElo "1883"]
[PlyCount "38"]
[EventDate "2007.03.05"]
[EventType "swiss"]
[EventRounds "9"]
[EventCountry "RUS"]
[SourceTitle "EXT 2022"]
[Source "ChessBase"]
[SourceDate "2021.10.06"]
[SourceVersion "1"]
[SourceVersionDate "2021.10.06"]
[SourceQuality "1"]

1. e4 e6 2. d4 d5 3. e5 c5 4. c3 Nc6 5. Nf3 Bd7 6. Be2 Qb6 7. 0-0 Nh6 8. Bxh6 Qxb2 9. Bc1 Qxa1 10. Qb3 c4 11. Qc2 b5 12. a3 a5 13. Nfd2 Be7 14. f4 0-0 15. g4 b4 16. f5 Nxd4 17. cxd4 Qxd4+ 18. Kh1 Qxe5 19. Nf3 Qd6 0-1